000
00346 a2200157 4500
001
154558
040
_c
Escola São Tomás de Aquino
100
_a
DURAN, Ednilce
240
1
0
_a
Crescer com fé e algria
_l
por
245
1
0
_a
Crescer com fé e algria
300
_a
131
362
0
_a
2012
440
1
_a
FTD
697
_a
RELIGIÃO
942
_c
BK
999
_c
154558
_d
154558